Retratos de nuestra identidad: censos en Chile
Saved in:
| Corporate Authors: | , |
|---|---|
| Format: | Bog |
| Sprog: | spansk |
| Udgivet: |
Santiago
INE
2010
|
| Udgivelse: | 2a. ed |
| Fag: | |
| Tags: |
Tilføj Tag
Ingen Tags, Vær først til at tagge denne postø!
|
MARC
| LEADER | 00000cam a2200000 a 4500 | ||
|---|---|---|---|
| 001 | UCD5532 | ||
| 003 | CL-VaPUC | ||
| 008 | 160915e20100000cl |||||||||||||||||spa|d | ||
| 082 | 0 | 4 | |a 304.6 |b INS |2 21 |
| 110 | 2 | |a Instituto Nacional de Estadísticas |e author |9 589308 | |
| 710 | 2 | |a INE |e author |9 589309 | |
| 245 | 1 | 0 | |a Retratos de nuestra identidad: censos en Chile |
| 250 | |a 2a. ed | ||
| 300 | |a 181 p | ||
| 942 | |c BK | ||
| 945 | |d 20160915 16:42:00 |a dcastane | ||
| 260 | |a Santiago |b INE |c 2010 | ||
| 650 | 7 | |a CENSOS |2 CL-VaPUC |9 317246 | |
| 650 | 0 | |a Estadísticas |9 258644 | |
| 650 | 0 | |a Población |9 257577 | |
| 650 | 0 | |a Demografía |9 260008 | |
| 583 | |a last modification |c 20160915 16:42:00 |k Rodrigo Vera | ||
| 999 | |c 366186 |d 366184 | ||